000 00327nam a2200133Ia 4500
005 20260328104311.0
008 260328s9999||||xx |||||||||||||| ||und||
100 _aAsensio, Oscar
245 0 _aCasas Sustentables /
_cOscar Asensio
260 _bLexus
300 _a194 p.
650 _aARQUITECTURA SOSTENIBLE
942 _cBK
999 _c10965
_d10965